| 000 | 00890nam a22002417a 4500 | ||
|---|---|---|---|
| 001 | 7534 | ||
| 003 | FISKH | ||
| 005 | 20250723114043.0 | ||
| 008 | 250723b cb ||||| |||| 00| 0 eng d | ||
| 020 | _a9780312506896 | ||
| 040 |
_aFISKH _beng _cFISKH _dFISKH |
||
| 050 | _aQP37.B49 | ||
| 082 | _a612 | ||
| 100 | _aPriddy, Roger | ||
| 245 |
_aBig and busy body : _bDiscover how amazing you are in this incredible journey around the human body / |
||
| 250 | _aThis edition published in 2009 | ||
| 260 |
_aNew York : _bPriddy Book, _c2008 |
||
| 300 |
_a10 unnumbered pages : _bcolor illustrations ; _c29 cm |
||
| 520 | _aFun, interactive learning books Novelties include lift the flap, turn the wheel, foil and acetate overlays Full of reference material, ideal for school projects and homework | ||
| 650 |
_aAnatomy _vHuman body _xInformation |
||
| 942 |
_2ddc _cBK _n0 |
||
| 999 |
_c7534 _d7534 |
||